000 01402nam0a22003131 4500
001 rc\3329244
005 20260407101050.0
021 _aRU
_b[71-51217]
035 _a(NLR Aleph) 007512497
090 _a7700053
_c7700053
100 _a20130115d1971 |||y0rusy50 ca
101 0 _arus
102 _aRU
105 _aab z |||||
200 1 _aИстория Молдавской ССР
_eУчеб. пособие для 7-8 кл. сред. школы
_f[Под ред. Я.С. Гросула и др.]
_gИн-т истории АН МССР
210 _aКишинев
_cЛумина
_d1971
215 _a160 с.
_cил., карт.
_d21
300 _aНа обороте тит. л. авт.: Н.А. Мохов, Е.М. Русеев, Я.С. Гросул и др.
532 1 2 _aИстория Молдавской Советской Социалистической Республики
607 _aМолдавская ССР
_xИстория
_jУчебники и пособия
_2psbo
701 1 _aМохов
_bН.А.
_gНиколай Андреевич
701 1 _aГросул
_bЯ.С.
_gЯков Сергеевич
_4340
701 1 _aРусеев
_bЕ.М.
712 0 2 _aИнститут истории им. Я. С. Гросула
_cКишинев
_3RU\NLR\AUTH\889928056
_9351738
801 0 _aRU
_bNLR
_gpsbo
801 1 _aRU
_bELAR
_2rusmarc
852 _aNLR
_j71-3/4327
942 _cBOOK
980 _aNB